Los Derechos de las personas con discapacidad perspectivas sociales, polt̕icas, jurd̕icas y filosf̤icas /

Detalles Bibliográficos
Otros Autores: Campoy Cervera, Ignacio
Formato: Libro
Lenguaje:español
Publicado: Madrid : Dykinson, 2005
Colección:Debates del Instituto Bartolom ̌de las Casas ; 2
Materias:
Acceso en línea:Acceso restringido

MARC

LEADER 00000nam a2200000 a 4500
005 20111123134746.0
007 cr|||| ||||
008 050606s2004 sp |||||| 000 ||spa|c
020 |a 8497725867 
035 |a 5927 
040 |d vLex 
090 |c 2782  |d 2782 
245 0 4 |a Los Derechos de las personas con discapacidad   |h [Recurso electrn̤ico] :  |b perspectivas sociales, polt̕icas, jurd̕icas y filosf̤icas /  |c Ignacio Campoy Cervera (ed.) 
256 |a Servicio en ln̕ea 
260 |a Madrid :  |b Dykinson,  |c 2005 
300 |a 1 recurso electrn̤ico 
504 |a Incluye bibliografa̕ 
506 1 |a Contenido solo disponible en los productos indicados  |d vLex Global   |d vLex Global (Academic Edition, excluding Law Schools)   |d vLex Global (U.S. Academic Edition, Law Schools)   |d vLex Global (U.S. Academic Edition, excluding Law Schools)   |d vLex Global (Academic Edition, Law Schools)  
650 0 4 |a Discapacitados  |x Derecho  |z Espaą 
650 0 4 |a Discapacitados  |x Situacin̤ legal  |z Espaą 
700 1 |a Campoy Cervera, Ignacio 
740 0 |a vLex Libros (Servicio en ln̕ea) 
830 0 |a Debates del Instituto Bartolom ̌de las Casas ;  |v 2 
856 4 0 |u http://vlex.com/source/derechos-personas-discapacidad-perspectivas-sociales-politicas-juridicas-filosoficas-5927  |z Acceso restringido 
942 |c BOOK